|
|
|
|
| LEADER |
01012nam a2200289 4500 |
| 001 |
DLU110125376 |
| 005 |
##20110920 |
| 040 |
# |
# |
|a DLU
|b vie
|
| 041 |
# |
# |
|a vie
|
| 044 |
# |
# |
|a vn
|
| 100 |
# |
# |
|a Huỳnh Văn Đông.
|
| 245 |
# |
# |
|a Điều khiển backstepping thích nghi hệ thống truyền động điện có tính đến đàn hồi và khe hở phi tuyến /
|c Huỳnh Văn Đông, Trần Xuân Kiên, Nguyễn Công Định.
|
| 653 |
# |
# |
|a Bộ điều khiển backstepping
|
| 653 |
# |
# |
|a Công nghệ số
|
| 653 |
# |
# |
|a Thuật toán điều khiển
|
| 700 |
# |
# |
|a Nguyễn Công Định.
|
| 700 |
# |
# |
|a Trần Xuân Kiên.
|
| 773 |
# |
# |
|t Tạp chí Tin học và điều khiển học
|g Số 4(24), 2008, tr. 321-331
|
| 920 |
# |
# |
|a Phòng Tạp chí -- Trung tâm Thông tin - Thư viện Trường Đại học Đà Lạt
|
| 994 |
# |
# |
|a DLU
|
| 900 |
# |
# |
|a True
|
| 911 |
# |
# |
|a Nguyễn Thị Linh Chi
|
| 925 |
# |
# |
|a G
|
| 926 |
# |
# |
|a A
|
| 927 |
# |
# |
|a BB
|
| 980 |
# |
# |
|a Thư viện Trường Đại học Đà Lạt
|